Statistics for England Tournament Risks

Click here to take the quiz!

General Stats

  • This quiz has been taken 2 times
  • The average score is 5 of 16

Answer Stats

TournamentCapsPosClubAnswer% Correct
2018 WC1DEFLiverpoolTrent Alexander-Arnold
100%
2016 Euro1ATTMan UtdMarcus Rashford
100%
2016 Euro1GKBurnleyTom Heaton
100%
2014 WC2GKCelticFraser Forster
100%
2018 WC1GKBurnleyNick Pope
50%
2014 WC2DEFSouthamptonLuke Shaw
0%
2012 Euro0GKBirminghamJack Buckland
0%
2010 WC0DEFTottenhamMichael Dawson
0%
2006 WC0GKLiverpoolScott Carson
0%
2004 Euro4GKLeicesterIan Walker
0%
2002 WC5MIDWest HamTrevor Sinclair
0%
2002 WC5DEFSouthamptonWayne Bridge
0%
2002 WC5ATTAston VillaDarius Vassell
0%
2000 Euro1MIDLiverpoolSteven Gerrard
0%
2000 Euro1GKIpswichRichard Wright
0%
1998 WC3DEFWest HamRio Ferdinand
0%

Score Distribution

Percentile by Number Answered

Percent of People with Each Score

Your Score History

You have not taken this quiz